000 00897nam a2200229Ia 4500
003 SEM
005 20220926113346.0
008 141116s1978 ai ||||gr||||||01|0 arm|d
040 _aSEM
_cSEM
041 _aarm
_arus
_aeng
080 _a726.5(47.925)/Հ-42
100 1 0 _aՀարությունյան, Վարազդատ
_q(Haroutiounian, Varazdat)
245 1 0 _aԷջմիածին=Эчмиадзин=Etchmiadsin /
_cՎ. Հարությունյան; Խմբ.` Ա. Շարուբյան
246 _a
260 _aԵրևան :
_b«Սովետական գրող» հրատ.,
_c1978.
300 _a47 էջ ;
_bնկ.;
_c25 սմ
650 _aՀայ ճարտարապետություն
_xԷջմիածին
650 _aՀայկական եկեղեցիներ
_xճարտարապետություն
_vպատմություն
653 _aՍԷՄ
700 _aՇարուբյան Ա.
_4edt.
_eխմբ.
942 _2udc
_cBK
999 _c44313
_d44313